000 00437nam a2200169Ia 4500
999 _c279
_d279
003 OSt
005 20210917100222.0
008 190216s9999||||xx |||||||||||||| ||und||
040 _coclc
082 _a297
_bAHM/M
100 _aAhmad
_98862
245 0 _aMajmuathuTavheed /
_cAhmad ; Muhammed
260 _bDarul Maariy,
_aEgypt:
300 _a679p
650 _aArabic
942 _cBK
_2ddc
_h297
_iAHM/M
_k297
_mAHM/M